书目信息 |
| 题名: |
马云情商课
|
|
| 作者: | 王拥军 著 | |
| 分册: | ||
| 出版信息: | 北京 中国商业出版社 2014 |
|
| 页数: | 282页 | |
| 开本: | 24cm | |
| 丛书名: | ||
| 单 册: | ||
| 中图分类: | K825.38=76 , F724.6 , K825.38 | |
| 科图分类: | ||
| 主题词: | 电子商务--商业企业管理--经验--杭州 , 电子商务 , 电子商务--企业家--生平事迹--中国--现代 , 商业企业管理 , 企业家 | |
| 电子资源: | ||
| ISBN: | 978-7-5044-8458-1 | |
| 000 | 01030nam0 2200313 450 | |
| 001 | 139363 | |
| 005 | 20140911141952.98 | |
| 010 | @a978-7-5044-8458-1@dCNY 38.00 | |
| 100 | @a20140717d2014 em y0chiy50 ea | |
| 101 | 0 | @achi |
| 102 | @aCN@b110000 | |
| 105 | @ay z 000yd | |
| 200 | 1 | @a马云情商课@Ama yun qing shang ke@b专著@f王拥军著 |
| 210 | @a北京@c中国商业出版社@d2014 | |
| 215 | @a282页@d24cm | |
| 300 | @a华商新领军人物 | |
| 330 | @a本书从马云的情商角度出发,包括他在情绪、情感、意志、耐受挫折等方面的品质,主要介绍了马云如何在一没资金、二没背景、三没技术的情况下,凭借出色的做人智慧、口才技能、创意思维等,取得了石破天惊的成功。 | |
| 606 | 0 | @a电子商务@x商业企业管理@x经验@y杭州 |
| 606 | 0 | @a电子商务 |
| 606 | 0 | @a电子商务@x企业家@x生平事迹@y中国@z现代 |
| 606 | 0 | @a商业企业管理 |
| 606 | 0 | @a企业家 |
| 610 | 0 | @a马云(1964- ) |
| 690 | @aK825.38=76@v5 | |
| 690 | @aF724.6@v5 | |
| 690 | @aK825.38@v4 | |
| 701 | 0 | @a王拥军@Awang yong jun@4著 |
| 801 | 0 | @c20140911 |
| 905 | @a241430@dK825.38@eW430 | |
| 马云情商课/王拥军著.-北京:中国商业出版社,2014 |
| 282页;24cm |
| 华商新领军人物 |
| ISBN 978-7-5044-8458-1:CNY 38.00 |
| 本书从马云的情商角度出发,包括他在情绪、情感、意志、耐受挫折等方面的品质,主要介绍了马云如何在一没资金、二没背景、三没技术的情况下,凭借出色的做人智慧、口才技能、创意思维等,取得了石破天惊的成功。 |
| ● |
| 相关链接 |
|
|
|
正题名:马云情商课
索取号:K825.38/W430
 
预约/预借
| 序号 | 登录号 | 条形码 | 馆藏地/架位号 | 状态 | 备注 |
| 1 | 0830252 | 208302521 | 社科库309/309社科库 49排1列4层/ [索取号:K825.38/W430] | 在馆 | |
| 2 | 0830253 | 208302530 | 社科库309/309社科库 49排1列4层/ [索取号:K825.38/W430] | 在馆 | |
| 3 | 0830254 | 208302549 | 社科库309/309社科库 49排1列4层/ [索取号:K825.38/W430] | 在馆 |